| 000 | 00601cam a2200217 4500 | ||
|---|---|---|---|
| 003 | OSt | ||
| 005 | 20171019185215.0 | ||
| 008 | 710901s1971 enk 001 0 eng | ||
| 010 | _a 79027725 | ||
| 020 | _a0198760183 | ||
| 040 |
_aDLC _cDLC _dDLC |
||
| 082 | 0 | 0 |
_a341.481 _222 _bBAS |
| 245 | 0 | 0 |
_aBasic Documents on Human Rights / _cedited by Ian Brownlie. |
| 260 |
_aOxford [England] : _bClarendon Press, _c1971. |
||
| 300 |
_ax, 531 p. ; _c21 cm. |
||
| 500 | _aIncludes index. | ||
| 650 | 0 |
_aCivil rights. _9319 |
|
| 650 | 0 |
_aHuman rights. _9259 |
|
| 700 | 1 |
_aBrownlie, Ian. _9253 |
|
| 942 |
_2ddc _cBK |
||
| 999 |
_c119 _d119 |
||